Úmrtí vynikajícího slovenského malíře

Správa o smrti akad. maliara Ľ. Čordáka v Košiciach 28.6.1937 vo veku 73 rokov

Bibliographic Details
Format: Article
Language:Czech
Slovak
Subjects:

MARC

LEADER 00000nab a22000001a 4500
001 vtls008997591
003 SK-MaSNL
005 20260303065811.0
008 070611d19370629xo |r|p|||| |000 b|cze
015 |a SNBRRBVU1918-1938 
038 |a SNKBUCL 
038 |a SNKBUVU 
040 |a SNKBUVU  |b slo  |c SNKBUCL  |e AACR2 
041 0 |a slo 
044 |a xo  |c SK 
080 |a 75.071.1  |2 1997 
080 |a 929 Čordák, Ľudovít  |2 1997 
245 0 0 |a Úmrtí vynikajícího slovenského malíře  |c [autor] (jkv) 
520 |a Správa o smrti akad. maliara Ľ. Čordáka v Košiciach 28.6.1937 vo veku 73 rokov 
600 1 7 |a Čordák, Ľudovít,  |d 1864-1937  |2 MM  |9 38226 
655 7 |a nekrológy  |2 snkbucl  |9 402542 
773 0 |t A-Zet  |g Roč. [2], č. 125 (29.6.1937), s. 1 
852 |a SNK  |b KIS3GCP 
910 |a snkrbvumm 
958 |a VY 
958 |a BX 
999 |c 1752763  |d 1754693